[Event "FRA-chT1 1011"]
[Site "France"]
[Date "2010.11.13"]
[Round "2.1"]
[White "Gachon, Lionel"]
[Black "Bertrand, Frederic"]
[Result "1/2-1/2"]
[WhiteElo "2293"]
[BlackElo "2296"]
[PlyCount "32"]
[EventDate "2010.10.17"]
[EventType "team-tourn"]
[EventRounds "11"]
[EventCountry "FRA"]
[SourceTitle "EXT 2012"]
[Source "ChessBase"]
[SourceDate "2011.11.24"]
[SourceVersion "1"]
[SourceVersionDate "2011.11.24"]
[SourceQuality "1"]

1. Nf3 d5 2. g3 Nf6 3. Bg2 e6 4. 0-0 c5 5. d3 Bd6 6. Nbd2 0-0 7. e4 Nc6 8. Re1 dxe4 9. dxe4 e5 10. c3 Be6 11. Qe2 Qd7 12. Nc4 Bc7 13. Bg5 b5 14. Na3 a6 15. Bxf6 gxf6 16. Qe3 Kg7 1/2-1/2

[Event "FRA-chT2 South 0708"]
[Site "France"]
[Date "2008.01.19"]
[Round "5.1"]
[White "Bertrand, Frederic"]
[Black "Efimov, Igor"]
[Result "1-0"]
[WhiteElo "2278"]
[BlackElo "2468"]
[PlyCount "81"]
[EventDate "2007.10.21"]
[EventType "team"]
[EventRounds "11"]
[EventCountry "FRA"]
[SourceTitle "EXT 2009"]
[Source "ChessBase"]
[SourceDate "2008.11.26"]
[SourceVersion "1"]
[SourceVersionDate "2008.11.26"]
[SourceQuality "1"]
[WhiteTeam "Montpellier Diagonale"]
[BlackTeam "Monaco"]
[WhiteTeamCountry "FRA"]
[BlackTeamCountry "FRA"]

1. d4 e6 2. c4 c5 3. d5 exd5 4. cxd5 d6 5. Nc3 Be7 6. e4 Bf6 7. Bd3 Ne7 8. Nge2 Ng6 9. Ng3 0-0 10. 0-0 Re8 11. f4 Nd7 12. Nb5 Qb6 13. Nf5 c4+ 14. Be3 Qxb5 15. Nxd6 Qa6 16. Nxe8 cxd3 17. Nc7 Qc4 18. Nxa8 Bxb2 19. Rc1 Bxc1 20. Qxc1 Qxe4 21. Qxc8+ Ndf8 22. Qh3 Qxd5 23. Qf3 Qxa2 24. Qxb7 a5 25. Nb6 Nh4 26. Bf2 Nhg6 27. g3 Qe2 28. Qd5 h5 29. Nc4 Ne6 30. Re1 Qg4 31. Ne3 Qh3 32. Qf5 Ngxf4 33. gxf4 Qf3 34. Qd5 Qxf4 35. Ng2 Qg4 36. Qa8+ Kh7 37. Qe4+ Qxe4 38. Rxe4 d2 39. Ne3 Ng5 40. Ra4 f5 41. Rxa5 1-0

[Event "FRA-chT2 South 0708"]
[Site "France"]
[Date "2007.11.24"]
[Round "2.2"]
[White "Bertrand, Frederic"]
[Black "Franca, Ricardo Bedin"]
[Result "1/2-1/2"]
[WhiteElo "2279"]
[BlackElo "2215"]
[PlyCount "94"]
[EventDate "2007.10.21"]
[EventType "team"]
[EventRounds "11"]
[EventCountry "FRA"]
[SourceTitle "EXT 2009"]
[Source "ChessBase"]
[SourceDate "2008.11.26"]
[SourceVersion "1"]
[SourceVersionDate "2008.11.26"]
[SourceQuality "1"]
[WhiteTeam "Montpellier Diagonale"]
[BlackTeam "Ramonville"]
[WhiteTeamCountry "FRA"]
[BlackTeamCountry "FRA"]

1. d4 d5 2. c4 c6 3. e3 Nf6 4. Nc3 a6 5. Nf3 b5 6. b3 Bg4 7. h3 Bxf3 8. Qxf3 e6 9. c5 Nbd7 10. Qd1 e5 11. Bd3 e4 12. Be2 g6 13. 0-0 Bg7 14. Bd2 a5 15. a3 0-0 16. b4 a4 17. f3 exf3 18. Bxf3 Re8 19. Qc2 Nf8 20. Rf2 Ne6 21. Raf1 Ng5 22. h4 Nxf3+ 23. Rxf3 Ra7 24. Bc1 h5 25. g3 Re6 26. Nd1 Ne4 27. Nf2 Qb8 28. Nh3 Nxg3 29. Qh2 Be5 30. dxe5 Nxf1 31. Rxf1 Qxe5 32. Ng5 Qxh2+ 33. Kxh2 Re8 34. Rf6 Rc7 35. Kg2 d4 36. exd4 Re2+ 37. Kg3 Rc2 38. Bf4 Rc3+ 39. Kf2 Rc8 40. Bd6 Re8 41. Rxf7 Rd3 42. Be7 Rxa3 43. Bf6 Ra2+ 44. Kg3 Re1 45. Rc7 Rg1+ 46. Kh3 Rh1+ 47. Kg3 Rg1+ 1/2-1/2

[Event "Marseille Hiver op"]
[Site "Marseille"]
[Date "2005.12.29"]
[Round "5"]
[White "Bertrand, Frederic"]
[Black "D'Elia, Anthony"]
[Result "1/2-1/2"]
[WhiteElo "1690"]
[BlackElo "1827"]
[PlyCount "31"]
[EventDate "2005.12.27"]
[EventType "swiss"]
[EventRounds "9"]
[EventCountry "FRA"]
[SourceTitle "CBM 110 Extra"]
[Source "ChessBase"]
[SourceDate "2006.03.10"]
[SourceVersion "2"]
[SourceVersionDate "2006.03.10"]
[SourceQuality "1"]

1. d4 Nf6 2. Nf3 d6 3. Nc3 Bf5 4. Bg5 Nbd7 5. e3 c6 6. Bd3 Bg6 7. 0-0 Qc7 8. a4 e5 9. e4 Be7 10. a5 0-0 11. dxe5 dxe5 12. Nh4 Bb4 13. Nxg6 hxg6 14. a6 b5 15. Bxf6 Nxf6 16. Qe2 1/2-1/2

[Event "Marseille Hiver op"]
[Site "Marseille"]
[Date "2005.12.29"]
[Round "6"]
[White "Bertrand, Frederic"]
[Black "Grezes, Yves"]
[Result "0-1"]
[WhiteElo "1690"]
[BlackElo "1943"]
[PlyCount "58"]
[EventDate "2005.12.27"]
[EventType "swiss"]
[EventRounds "9"]
[EventCountry "FRA"]
[SourceTitle "CBM 110 Extra"]
[Source "ChessBase"]
[SourceDate "2006.03.10"]
[SourceVersion "2"]
[SourceVersionDate "2006.03.10"]
[SourceQuality "1"]

1. e4 d6 2. d4 Nf6 3. Nc3 g6 4. f4 Bg7 5. Nf3 0-0 6. Bd3 c6 7. 0-0 Na6 8. a3 b5 9. e5 Nd7 10. Qe2 Nc7 11. f5 dxe5 12. dxe5 Nc5 13. fxg6 hxg6 14. Rd1 Qe8 15. Be3 Nxd3 16. Rxd3 Be6 17. b3 a5 18. Bb6 Qb8 19. Bxc7 Qxc7 20. h3 a4 21. Nd4 Bxe5 22. Nxe6 fxe6 23. bxa4 Qa7+ 24. Kh1 Bxc3 25. Qxe6+ Kh7 26. Rxc3 Rf6 27. Qe4 Raf8 28. Rg3 Rf1+ 29. Kh2 Qg1# 0-1

[Event "Marseille Hiver op"]
[Site "Marseille"]
[Date "2005.12.27"]
[Round "1"]
[White "Humeau, Cyril"]
[Black "Bertrand, Frederic"]
[Result "1-0"]
[WhiteElo "2100"]
[BlackElo "1690"]
[PlyCount "67"]
[EventDate "2005.12.27"]
[EventType "swiss"]
[EventRounds "9"]
[EventCountry "FRA"]
[SourceTitle "CBM 110 Extra"]
[Source "ChessBase"]
[SourceDate "2006.03.10"]
[SourceVersion "2"]
[SourceVersionDate "2006.03.10"]
[SourceQuality "1"]

1. e4 c6 2. c4 d5 3. cxd5 cxd5 4. exd5 Qxd5 5. Nc3 Qd8 6. Nf3 Nf6 7. Bc4 e6 8. 0-0 Be7 9. d4 0-0 10. Bf4 a6 11. a4 Re8 12. Qe2 Nc6 13. Rad1 Nd5 14. Bg3 Ncb4 15. Ne4 Bd7 16. Ne5 Bxa4 17. Ra1 Bc6 18. Rfe1 Nb6 19. Nxf7 Qxd4 20. Bxe6 Bd5 21. Rad1 Qxd1 22. Nh6+ Kh8 23. Nf7+ Kg8 24. Ne5+ Bxe6 25. Rxd1 Rac8 26. h4 Rc2 27. Qe3 N6d5 28. Qb3 a5 29. Qa4 Rec8 30. Qxa5 Rxb2 31. Qb5 b6 32. Ng5 Bxg5 33. hxg5 Nd3 34. Qxd3 1-0

[Event "FRA-chT2"]
[Site "France"]
[Date "2001.11.17"]
[Round "2"]
[White "Bedos, Michel"]
[Black "Bertrand, Frederic"]
[Result "0-1"]
[WhiteElo "2304"]
[BlackElo "2235"]
[PlyCount "97"]
[EventDate "2002.??.??"]
[EventType "team"]
[EventRounds "11"]
[EventCountry "FRA"]
[SourceTitle "EXT 2003"]
[Source "ChessBase"]
[SourceDate "2002.11.25"]
[SourceVersion "1"]
[SourceVersionDate "2002.11.25"]
[SourceQuality "1"]

1. d4 d5 2. c4 c6 3. Nf3 e6 4. Qc2 Nf6 5. g3 Nbd7 6. Bg2 Bd6 7. 0-0 0-0 8. Rd1 Ne4 9. Nc3 f5 10. Bf4 Bxf4 11. gxf4 Rf6 12. e3 Rh6 13. Ne2 g5 14. fxg5 Nxg5 15. Ng3 Nxf3+ 16. Bxf3 Qh4 17. Nf1 Nf6 18. Rac1 Bd7 19. Bh1 Kh8 20. f3 Rg8+ 21. Bg2 dxc4 22. Qxc4 Nd5 23. Qc5 Qh3 24. Rd2 Qxf3 25. Qd6 Rhg6 26. Rcc2 Nf6 27. Rf2 Qd5 28. Qe7 Ne4 29. Ng3 Qd6 30. Qxd6 Nxd6 31. Kf1 Rh6 32. Bf3 Nf7 33. e4 Ng5 34. exf5 exf5 35. Bg2 Rf8 36. d5 cxd5 37. Bxd5 b6 38. Rc7 Rd6 39. Bb3 Bb5+ 40. Kg2 Bc6+ 41. Kf1 Bb5+ 42. Kg2 Bc6+ 43. Kf1 f4 44. Ne2 Nh3 45. Rxc6 Rxc6 46. Rf3 Ng5 47. Rd3 f3 48. Nc3 Rh6 49. Rd5 0-1

[Event "FRA-chT2"]
[Site "France"]
[Date "2001.10.14"]
[Round "1"]
[White "Foisor, Cristina Adela B"]
[Black "Bertrand, Frederic"]
[Result "1-0"]
[WhiteElo "2438"]
[BlackElo "2235"]
[PlyCount "87"]
[EventDate "2002.??.??"]
[EventType "team"]
[EventRounds "11"]
[EventCountry "FRA"]
[SourceTitle "EXT 2003"]
[Source "ChessBase"]
[SourceDate "2002.11.25"]
[SourceVersion "1"]
[SourceVersionDate "2002.11.25"]
[SourceQuality "1"]

1. Nf3 d5 2. g3 c5 3. Bg2 Nf6 4. 0-0 Nc6 5. d4 Qb6 6. dxc5 Qxc5 7. c3 g6 8. Bf4 Bg7 9. Qc1 0-0 10. Nbd2 Bd7 11. Nb3 Qb6 12. Ne5 Bf5 13. Nxc6 bxc6 14. Be5 Ng4 15. Bxg7 Kxg7 16. Nd4 Bd7 17. Nf3 f6 18. b4 a5 19. a3 Ra7 20. h3 Nh6 21. Nd4 Nf5 22. Nxf5+ Bxf5 23. g4 Be6 24. Re1 Bg8 25. e4 e5 26. exd5 cxd5 27. Rb1 axb4 28. cxb4 g5 29. Qb2 Rc8 30. Rec1 Rxc1+ 31. Rxc1 Qa6 32. Ra1 d4 33. b5 Qb6 34. Qb4 Bf7 35. a4 Be8 36. Rc1 Qa5 37. Qxa5 Rxa5 38. Rc8 Kf7 39. b6 Rxa4 40. b7 Ra1+ 41. Kh2 Rb1 42. b8Q Rxb8 43. Rxb8 Ke7 44. Bd5 1-0

[Event "Montpellier op 7th"]
[Site "Montpellier"]
[Date "2000.07.??"]
[Round "3"]
[White "Milliet, Sophie"]
[Black "Bertrand, Frederic"]
[Result "1-0"]
[WhiteElo "2131"]
[BlackElo "2296"]
[PlyCount "54"]
[EventDate "2000.07.05"]
[EventType "swiss"]
[EventRounds "9"]
[EventCountry "FRA"]
[SourceTitle "EXT 2001"]
[Source "ChessBase"]
[SourceDate "2000.11.22"]
[SourceVersion "1"]
[SourceVersionDate "2000.11.22"]
[SourceQuality "1"]

1. e4 d6 2. d4 Nf6 3. Nc3 e5 4. dxe5 dxe5 5. Qxd8+ Kxd8 6. Bg5 Nbd7 7. 0-0-0 Bd6 8. Bc4 Ke8 9. f3 Nb6 10. Bb3 Nfd7 11. Nb5 f6 12. Be3 Ke7 13. a4 Nf8 14. a5 Nbd7 15. Ne2 a6 16. Nxd6 cxd6 17. Nc3 Rb8 18. Nd5+ Kd8 19. Ba7 Ra8 20. Bb6+ Nxb6 21. Nxb6 Rb8 22. Rxd6+ Ke7 23. Rhd1 Ng6 24. Nd7 Bxd7 25. Rxd7+ Ke8 26. Rxg7 Rd8 27. Rxb7 Nf4 1-0

[Event "FRA-chT2S 9899"]
[Site "France"]
[Date "1999.??.??"]
[Round "5"]
[White "Bertrand, Frederic"]
[Black "Acher, Mathieu"]
[Result "1-0"]
[WhiteElo "2249"]
[BlackElo "2232"]
[PlyCount "67"]
[EventDate "1998.??.??"]
[EventType "team"]
[EventRounds "9"]
[EventCountry "FRA"]
[SourceTitle "EXT 2002"]
[Source "ChessBase"]
[SourceDate "2001.11.25"]
[SourceVersion "1"]
[SourceVersionDate "2001.11.25"]
[SourceQuality "1"]

1. d4 Nf6 2. c4 g6 3. Nc3 Bg7 4. e4 d6 5. f3 0-0 6. Nge2 e5 7. d5 Nh5 8. Be3 f5 9. Qd2 Nd7 10. 0-0-0 f4 11. Bf2 a6 12. Kb1 Qe8 13. Nc1 Nc5 14. Bxc5 dxc5 15. d6 cxd6 16. Qxd6 Be6 17. Nb3 Rc8 18. Nd5 Bxd5 19. Rxd5 Rc6 20. Qd7 Qxd7 21. Rxd7 b6 22. Be2 Rf7 23. Rd8+ Bf8 24. Rhd1 Ng7 25. Ra8 a5 26. Rdd8 Ne6 27. Rd5 Nc7 28. Rc8 Re6 29. Rdd8 Ree7 30. Rd6 a4 31. Nc1 Rd7 32. Rxb6 Kg7 33. Nd3 Bd6 34. Bd1 1-0

[Event "FRA-chT2S 9899"]
[Site "France"]
[Date "1999.??.??"]
[Round "9"]
[White "Eliet, Renaud"]
[Black "Bertrand, Frederic"]
[Result "1/2-1/2"]
[WhiteElo "2189"]
[BlackElo "2249"]
[PlyCount "41"]
[EventDate "1998.??.??"]
[EventType "team"]
[EventRounds "9"]
[EventCountry "FRA"]
[SourceTitle "EXT 2002"]
[Source "ChessBase"]
[SourceDate "2001.11.25"]
[SourceVersion "1"]
[SourceVersionDate "2001.11.25"]
[SourceQuality "1"]

1. d4 d5 2. Nf3 Nf6 3. Bf4 e6 4. e3 Bd6 5. Bg3 0-0 6. Nbd2 c5 7. c3 Nc6 8. Bd3 Qe7 9. Ne5 Nd7 10. f4 f6 11. Bxh7+ Kxh7 12. Qh5+ Kg8 13. Ng6 Qe8 14. Nf3 Ne7 15. Qh8+ Kf7 16. Nxf8 Qxf8 17. Qh3 Nb6 18. 0-0 Kg8 19. Ng5 Qe8 20. Qh7+ Kf8 21. Qh8+ 1/2-1/2

[Event "FRA-chT2S 9899"]
[Site "France"]
[Date "1999.??.??"]
[Round "6"]
[White "Gozzoli, Yannick"]
[Black "Bertrand, Frederic"]
[Result "1/2-1/2"]
[WhiteElo "2222"]
[BlackElo "2249"]
[PlyCount "71"]
[EventDate "1998.??.??"]
[EventType "team"]
[EventRounds "9"]
[EventCountry "FRA"]
[SourceTitle "EXT 2002"]
[Source "ChessBase"]
[SourceDate "2001.11.25"]
[SourceVersion "1"]
[SourceVersionDate "2001.11.25"]
[SourceQuality "1"]

1. d4 Nf6 2. c4 c6 3. Nf3 d5 4. e3 e6 5. Nbd2 c5 6. Be2 Nc6 7. 0-0 cxd4 8. exd4 Bd6 9. b3 0-0 10. Bb2 b6 11. Ne5 Bb7 12. Bf3 Rc8 13. a3 a5 14. Re1 Ne7 15. g3 Nf5 16. Bg2 Re8 17. Nf1 Qe7 18. Ne3 Nxe3 19. Rxe3 dxc4 20. bxc4 Bxg2 21. Kxg2 Qb7+ 22. Kg1 Bxe5 23. dxe5 Nd7 24. Qe2 Nc5 25. Rd1 Red8 26. Rd6 Qc7 27. Qd1 Nb7 28. Rxd8+ Rxd8 29. Rd3 Rxd3 30. Qxd3 Nc5 31. Qf3 h6 32. Bd4 Nd7 33. Qa8+ Kh7 34. Qe4+ Kg8 35. Qa8+ Kh7 36. Qe4+ 1/2-1/2

[Event "Montpellier op-A"]
[Site "Montpellier"]
[Date "1999.??.??"]
[Round "7"]
[White "Relange, Eloi"]
[Black "Bertrand, Frederic"]
[Result "1-0"]
[WhiteElo "2478"]
[BlackElo "2249"]
[PlyCount "59"]
[EventDate "1999.??.??"]
[EventType "swiss"]
[EventRounds "9"]
[EventCountry "FRA"]
[SourceTitle "EXT 2001"]
[Source "ChessBase"]
[SourceDate "2000.11.22"]
[SourceVersion "1"]
[SourceVersionDate "2000.11.22"]
[SourceQuality "1"]

1. d4 d5 2. c4 c6 3. Nf3 Nf6 4. Nc3 e6 5. Bg5 Be7 6. e3 Nbd7 7. Qc2 0-0 8. Rd1 dxc4 9. Bxc4 Nd5 10. Bxe7 Qxe7 11. 0-0 Nxc3 12. bxc3 c5 13. a4 b6 14. d5 exd5 15. Bxd5 Rb8 16. c4 Ne5 17. Nxe5 Qxe5 18. e4 Qe7 19. f4 Bb7 20. f5 Bxd5 21. exd5 Qf6 22. d6 Rfd8 23. d7 Qc6 24. Qd3 Rb7 25. Rfe1 Kf8 26. f6 g5 27. Qxh7 Qxf6 28. Re8+ Rxe8 29. dxe8Q+ Kxe8 30. Qg8+ 1-0

[Event "FRA-chT2S"]
[Site "France"]
[Date "1997.??.??"]
[Round "1"]
[White "Bertrand, Frederic"]
[Black "Veysseyre, Didier"]
[Result "1-0"]
[WhiteElo "2200"]
[BlackElo "2215"]
[PlyCount "59"]
[EventDate "1997.??.??"]
[EventType "team"]
[EventRounds "9"]
[EventCountry "FRA"]
[SourceTitle "EXT 2007"]
[Source "ChessBase"]
[SourceDate "2006.11.23"]
[SourceVersion "1"]
[SourceVersionDate "2006.11.23"]
[SourceQuality "1"]
[WhiteTeam "Montpellier"]
[BlackTeam "Aix en Provence"]
[WhiteTeamCountry "FRA"]
[BlackTeamCountry "FRA"]

1. d4 e6 2. c4 f5 3. Nc3 Nf6 4. Nf3 c6 5. d5 cxd5 6. cxd5 Qa5 7. dxe6 dxe6 8. Bd2 Bc5 9. e3 0-0 10. Nd5 Qd8 11. Nxf6+ Qxf6 12. Bc3 Qe7 13. Bc4 Nc6 14. 0-0 Kh8 15. Ne5 Bd6 16. Nxc6 bxc6 17. f4 Bb7 18. Qf3 c5 19. Qg3 Rf7 20. Rad1 Bc6 21. Rd2 a6 22. Rfd1 Bc7 23. b3 Bb5 24. Qf3 Re8 25. Bxb5 axb5 26. Qc6 Rd8 27. Rxd8+ Bxd8 28. Qc8 Rf8 29. Rd7 Qh4 30. Rxg7 1-0